| 000 | 00462nam a2200157 i 4500 | ||
|---|---|---|---|
| 001 | 61928 | ||
| 003 | ES-MaACL | ||
| 005 | 20230906164554.0 | ||
| 007 | t| | ||
| 008 | 031114s1969 sp ||||1| spa d | ||
| 100 | 1 |
_aFalcato González, Antonio. _948689 |
|
| 245 | 1 | 0 |
_aSegunda antología poética / _cAntonio Falcato González. |
| 260 |
_a[Madrid : _bs.n.], _c1969. |
||
| 300 |
_a436 p., 1 lám. : _bretr. aut. ; _c13 cm. |
||
| 852 |
_aES-MaACL _jC-51281 _bR.71732 |
||
| 999 |
_c61928 _d61928 |
||